000 00646nam a2200193Ia 4500
999 _c43755
_d43755
001 10500
003 GE_BSU
005 20221125172246.0
008 181216s2007||||ge |||||||||||||| ||geo||
020 _a9789994083466x
040 _cGE_BSU
041 _ageo
080 _a159.9(075) ფ–96
245 _aფსიქოლოგიის საფუძვლები /
_c[რედ. ი. იმედაძე].
264 _aთბილისი :
_bმწიგნობარი,
_c2007.
300 _a428 გვ.:
_bილ.;
_c20 სმ.
653 _aფსიქოლოგიის საფუძვლები
942 _cBK
_2udc